Представление документа в формате RUSMARC

ПолеНазваниеЗначение
  Тип записи a
  Библиографический уровень a
001 Контрольный номер RU/CBS_UL/BASE/692468392
005 Дата корректировки 20250122233007.2
100 Данные общей обработки __
a Данные общей обработки 20211210d2021 ||| 0rusy0189 ca
101 Язык документа 0_
a Язык текста rus
102 Страна публикации __
a Страна публикации RU
105 Кодированные данные (монография) __
a Кодированные данные (монография) y###||||000|y
181 Поле кодированных данных: вид содержания _1
a Код вида содержания (ISBD) i#
b Код характеристики содержания (ISBD) #xxe##
d i
g x
h x
i e
2 Код системы (источник кода, отличный от ISBD) isbdcontent
182 Поле кодированных данных: тип средства _1
a Код типа средства (ISBD) n
2 Код системы (источник кода, отличный от ISBD) isbdmedia
200 Заглавие и сведения об ответственности 1_
a Заглавие Со своей книгой поедет в ГУЛАГ
b Общее обозначение материала Текст
e Сведения, относящиеся к заглавию [краеведа и литератора Г. Дёмочкина пригласили в Московский музей истории ГУЛАГа, чтобы презентовать его новую книгу "Сталин. Война с народом"]
w Текст (визуальный) : непосредственный
203 Вид содержания и тип средства __
a Вид содержания Текст
b Характеристика содержания визуальный
c Тип средства непосредственный
300 Общие примечания __
a Общие примечания Прил. : с. 2. - (Аргументы и факты в Ульяновске)
333 Примечание о целевом назначении __
a Примечание о целевом назначении 16+
461 Уровень набора _0
1 2000
a Аргументы и факты
463 Уровень физической единицы _0
1 2000
a № 49 (8-14 дек.)
1 2101
d 2021
1 001RU/CBS_UL/BASE/693239364
600 Персоналии _0
a Персоналии (Фамилия) Дёмочкин
b Персоналии (Имя, инициалы) Г.
606 Тематические рубрики 0_
a Основная рубрика Российское литературоведение, 20-21 вв. - Ульяновские писатели и поэты
610 Ключевые слова 0_
a Ключевые слова литературоведение
610 Ключевые слова 0_
a Ключевые слова современные писатели
610 Ключевые слова 0_
a Ключевые слова новые книги
610 Ключевые слова 0_
a Ключевые слова краеведы
610 Ключевые слова 0_
a Ключевые слова литераторы
686 Индексы других классификаций __
a Классификационный индекс 83.3(2Рос=Рус)6
2 Код системы rubbk
801 Источник записи _0
a Страна RU
b Организация МБУК ЦБС г. Ульяновска
c Дата составления 20211210
g Правила каталогизации RCR
801 Источник записи _1
a Страна RU
b Организация МБУК ЦБС г. Ульяновска
c Дата составления 20211210
g Правила каталогизации RCR
901 Тип документа __
t Тип документа f
w Контрольный № источника RU/CBS_UL/BASE/693239364
910 Корректоры записи __
a Корректор записи Ильина
938 Служебная информация __
a Имя БД kraeved